000 00320nam a2200133Ia 4500
005 20251222155050.0
008 251222s9999||||xx |||||||||||||| ||spa||
082 _aSIC.38
100 _aJIMENEZ CADENA, Alvaro.
245 0 _aConquista de la madurez emocional
250 _a3ra. ed.
264 _bHimpres
942 _cLIB
999 _c37260
_d37260